Riqueza minera y yacimientos minerales de México. (Record no. 28294)

MARC details
000 -LEADER
fixed length control field 00817cam a22002411 4500
001 - CONTROL NUMBER
control field gs 48000278
003 - CONTROL NUMBER IDENTIFIER
control field DLC
005 - DATE AND TIME OF LATEST TRANSACTION
control field 20260227111354.0
008 - FIXED-LENGTH DATA ELEMENTS--GENERAL INFORMATION
fixed length control field 751003s1947 mx bd 000 0 eng
010 ## - LIBRARY OF CONGRESS CONTROL NUMBER
LC control number gs 48000278
035 ## - SYSTEM CONTROL NUMBER
System control number (OCoLC)1675655
040 ## - CATALOGING SOURCE
Original cataloging agency DLC
Transcribing agency FMU
Modifying agency DLC
042 ## - AUTHENTICATION CODE
Authentication code premarc
050 00 - LIBRARY OF CONGRESS CALL NUMBER
Classification number TN28
Item number .G6 1947
100 2# - MAIN ENTRY--PERSONAL NAME
Personal name González Reyna, Jenaro,
Dates associated with a name 1905-
245 10 - TITLE STATEMENT
Title Riqueza minera y yacimientos minerales de México.
250 ## - EDITION STATEMENT
Edition statement 2. ed
Remainder of edition statement de "Mineriá y requeza minera de México."
260 ## - PUBLICATION, DISTRIBUTION, ETC.
Place of publication, distribution, etc. [México,
Name of publisher, distributor, etc. Banco de México]
Date of publication, distribution, etc. 1947.
300 ## - PHYSICAL DESCRIPTION
Extent xxiii, 447 p.
Other physical details 15 fold. maps, tables (part fold)
Dimensions 24 cm.
490 0# - SERIES STATEMENT
Series statement Monografias industriales del Banco de México, s. a.
650 #0 - SUBJECT ADDED ENTRY--TOPICAL TERM
Topical term or geographic name entry element Mines and mineral resources
Geographic subdivision Mexico.
810 1# - SERIES ADDED ENTRY--CORPORATE NAME
Corporate name or jurisdiction name as entry element Banco de México, s. a.
Subordinate unit Monografias industriales

No items available.

Powered by Koha